| 000 | 00678nam a22001577a 4500 | ||
|---|---|---|---|
| 003 | OSt | ||
| 005 | 20151204115051.0 | ||
| 008 | 151204b xxu||||| |||| 00| 0 eng d | ||
| 040 | _cRUA | ||
| 082 | _aFIS UNG 2007 B179 Or.1 | ||
| 100 |
_94273 _aUNG VANDY; អ៊ុង វ៉ាន់ឌី |
||
| 245 | _aThe effect of different feed on the growth of mud carp (cirrhinus molitorella) in pond, ឥទ្ធិពលនៃការផ្ដល់ចំណីខុសៗគ្នាទៅលើការលូតលាស់ របស់ផ្កាគរនៅក្នុងស្រះ. | ||
| 260 |
_aPhnom Penh _bRUA _c2007 |
||
| 300 |
_ax; 36p. _bill. _c29cm. |
||
| 942 |
_2ddc _cFIS |
||
| 999 |
_c3988 _d3988 |
||